00277nam a2200097Ia 4500008004100000245005400041245001400095260000900109650001000118856005100128171211s9999 xx 000 0 und d aFinal Fantasy XIII-2: The Complete Official Guide cPiggyback c2012 xGAMES uhttp://down.ebook777.com/055/9780307894205.pdf